000 00484nam a2200169Ia 4500
999 _c37496
_d37496
003 OSt
005 20200929143220.0
008 190216s9999||||xx |||||||||||||| ||und||
040 _coclc
082 _a590
_bSUM/T
100 _aSumodan, P K
_95159
245 2 _aA Text Book Of Zoology /
_cP K Sumodan
260 _bCalicut University Central Co-Operative,
_c2006.
_aCalicut:
300 _a309p
650 _aZoology
942 _cBK
_2ddc
_h590
_iSUM/T
_k590
_mSUM/T